O meu aniversário (Registo nº 6006)

Detalhes MARC
000 -Etiqueta do registo
Valores 00939nam a2200217 4500
010 ## - Número ISBN
ISBN 9728786174
100 ## - Dados gerais de processamento
Dados gerais 20211231d2003 m||y0pory5003 ba
200 1# - Titulo e menção de responsabilidade
Título próprio O meu aniversário
Primeira menção de responsabilidade Pilar Ramos
Outras menções de responsabilidade il. Maria Rosa Aragó
210 ## - Publicação
Local de publicação Setúbal
Nome do editor Marina Editores
Data de publicação 2003
215 ## - Descrição física 
Paginação / Volumes 32 p.
Outras indicações físicas il.
225 2# - Colecção 
Título próprio da colecção Primeiras leituras
Informação de outro título Evitar riscos
330 ## - Sumário ou Resumo
Texto da nota O MEU ANIVERSÁRIO. Hoje o Max faz anos. Ofereceram-lhe um fato de astronauta e vai festejar com os pais e os amigos. Mas este conto demonstra que, para além das festas e dos presentes, o importante dos aniversários é crescer, saber cada dia mais coisas e, sobretudo, aprender a cuidar-se sozinho e a evitar riscos desnecessários.
606 ## - Nome comum usado como assunto
ID Autoridade 29
Palavra de ordem Publicação para crianças
675 ## - CDU
Notação 087.5
Edição BN
Língua por
700 ## - Autor principal (pessoa individual)
Apelido Ramos
Nome Pilar
ID Autoridade 5503
702 ## - Autor secundário (pessoa individual)
Apelido Aragó
Nome Maria Rosa
ID Autoridade 5688
801 #0 - Fonte de origem
País PT
Agência BMVN
Regras de catalogação RPC
830 ## - Notas gerais do catalogador
Criado por Inês Silva
Data de criação 31/12/2021
990 ## - Elementos KOHA
Tipo de documento Livro
Exemplares
Situação do levantamento Biblioteca de origem Código de barras Cota Permissão de empréstimo Tipo de documento Forma de aquisição
  Biblioteca Municipal de Vendas Novas 1000000331764 PD VAR/PRI   Livro  

Powered by Koha